Zonificación de una red hidrometeorológica mediante técnicas de reducción dimensional y algoritmos de clasificación automática

Guardado en:
Bibliografiske detaljer
Hovedforfatter: Tenorio Sánchez, Alejandro, 1996-
Andre forfattere: Serrano Pacheco, Alberto, 1976- Director del TFG
Format: Bog
Sprog:Spanish
Udgivet: [San José], Costa Rica 2021
Fag:
Tags: Tilføj Tag
Ingen Tags, Vær først til at tagge denne postø!

MARC

LEADER 00000nam a2200000Ia 4500
003 013371
005 20230328084825.0
008 140116s2021 cr a 000 ||spa d
040 |c cru CEDI 
100 |a Tenorio Sánchez, Alejandro, 1996-  |9 391 
245 |a Zonificación de una red hidrometeorológica mediante técnicas de reducción dimensional y algoritmos de clasificación automática 
260 |a  [San José], Costa Rica  |c 2021 
500 |a Proyecto de graduación (licenciatura en ingeniería civil)--Universidad de Costa Rica. Facultad de Ingeniería. Escuela de Ingeniería Civil 
501 |a Director de Proyecto de Graduación: Ing. Alberto Serrano Pacheco, PhD. 
650 |x ANALISIS MULTIVARIANTE - TECNICAS  |x CLASIFICACION AUTOMATICA - METODOS   |x ANALISIS DE RUTA (ESTADISTICA)  |x HIDROMETEOROLOGIA - COSTA RICA   |x REDUCCION DE DIMENSIONES (ESTADISTICA) - TECNICAS 
700 |9 75  |a Serrano Pacheco, Alberto, 1976-  |d  Director del TFG 
942 |c CEDI  |h TFG 8522  |6 TFG_8522_000000000000000 
999 |c 21873  |d 21873